00469nam a2200121Ia 45000010005000000080041000050820017000461000038000632450176001012600028002779010027003059990015003323734241024s9999 xx 000 0 und d aRD/725/EN56i aRepública Dominicana.Energy-Pro 0aInforme final instalaciones MINERD Av. Máximo Gómez, Santo Domingo, Energy y Proyectos, SRL. Para : Lic. Omar Guevara. Director de Mantenimiento MINERD, Santo Domingo, b[*SIN EDITORIAL*]c2014 a17/3/2014 3:13:43 p.m. c7963d7963